| 000 | 01020cam a22002895a 4500 | ||
|---|---|---|---|
| 001 | 13943587 | ||
| 005 | 20201128024011.0 | ||
| 008 | 050427s2006 njua frb 001 0 eng d | ||
| 020 | _a9780471669852 | ||
| 040 |
_aDLC _cDLC _dDLC _dEG-ScBUE _beng |
||
| 082 | 0 | 4 |
_a620.118 _222 _bCAL |
| 100 | 1 |
_aCaloz, Christophe, _d1969- |
|
| 245 | 1 | 0 |
_aElectromagnetic metamaterials : _btransmission line theory and microwave applications : the engineering approach / _cChristophe Caloz, Tatsuo Itoh. |
| 260 |
_aHoboken : _bJohn Wiley & Sons, _c2006. |
||
| 300 |
_axviii, 352 p. : _bill. ; _c24 cm. |
||
| 500 | _a"Wiley-Interscience publication." | ||
| 500 | _aIndex : p. 347-352. | ||
| 504 | _aIncludes bibliographical references. | ||
| 650 | 7 |
_aMagnetic materials. _2BUEsh _96453 |
|
| 650 | 7 |
_aMetamaterials. _2BUEsh _931680 |
|
| 650 | 7 |
_aNanostructured materials. _2BUEsh _9518 |
|
| 650 | 7 |
_aMicrowave transmission lines. _2BUEsh |
|
| 651 | _2BUEsh | ||
| 653 |
_bENGELC _cNovember2016 |
||
| 700 | 1 | _aItoh, Tatsuo. | |
| 942 | _2ddc | ||
| 999 |
_c23207 _d23179 |
||